000 00379pab a2200145 454500
008 180718b1990 xxu||||| |||| 00| 0 eng d
100 _aGulati, Ashok
245 _aFertiliser subsidy
_bIs the cultivator `net subsidised'
260 _c1990
300 _a1-11
362 _aJan-Mar.
650 _aFertilisers
773 _aIndian Journal of Agricultural Economics
909 _a8342
999 _c8342
_d8342